000 00322nam a2200121Ia 4500
005 20251222140029.0
008 251222s1900||||xx |||||||||||||| ||spa||
082 _a261/F12
245 0 _aConfrontación de la Teología y la Cultura:
250 _a1ra. ed.
264 _bFacultad de Teología San Vicente Ferrer
942 _cLIB
999 _c2883
_d2883